Elementos de investigación académica / Helio Gallardo Martínez
Enregistré dans:
| Auteur principal: | |
|---|---|
| Format: | Livre |
| Langue: | Undetermined |
| Publié: |
San José, Costa Rica
EUNED
2000
|
| Sujets: | |
| Tags: |
Ajouter un tag
Pas de tags, Soyez le premier à ajouter un tag!
|
MARC
| LEADER | 00000nam a2200000Ia 4500 | ||
|---|---|---|---|
| 008 | 170316s9999 xx 000 0 und d | ||
| 090 | |a CG-001-G-2e | ||
| 100 | |a Gallardo Martínez, Helio | ||
| 245 | |a Elementos de investigación académica / Helio Gallardo Martínez | ||
| 260 | |a San José, Costa Rica | ||
| 260 | |b EUNED | ||
| 260 | |c 2000 | ||
| 300 | |a 239 páginas | ||
| 650 | |a CULTURA GENERAL | ||
| 650 | |a INVESTIGACIÓN ACADÉMICA | ||
| 650 | |a PROBLEMA | ||
| 650 | |a PRODUCCIÓN DE CONOCIMIENTO | ||
| 650 | |a EXISTENCIA SOCIAL | ||
| 650 | |a FUENTES DE INFOMACIÓN | ||
| 650 | |a INVESTIGACIÓN FORMATIVA | ||
| 650 | |a TESIS DE GRADO | ||
| 650 | |a TRABAJO FINAL DE GRADUACIÓN | ||
| 650 | |a TÍTULO | ||
| 650 | |a JUSTIFICACIÓN | ||
| 650 | |a FINES DE LA INVESTIGACIÓN | ||
| 650 | |a ESTADO DE LA CUESTIÓN | ||
| 650 | |a REFERENTE CONCEPTUAL | ||
| 650 | |a MARCO TEÓRICO | ||
| 650 | |a HIPÓTESIS | ||
| 650 | |a OBJETIVO GENERAL | ||
| 650 | |a OBJETIVOS ESPECÍFICOS | ||
| 650 | |a CRONOGRMA DE TRABAJO | ||
| 650 | |a INFORME DE INVESTIGACIÓN | ||
| 650 | |a FORMATO PARA INFORMES | ||
| 999 | |c 30401 |d 30401 | ||
| 040 | |a cru BVZT | ||
| 942 | |c 15 D |h CG-001-G-2e |2 z | ||
